| 000 | 01078cam a22002174a 4500 | ||
|---|---|---|---|
| 005 | 20250605164155.0 | ||
| 008 | 250528s ||||||||||||||||||||||||d | ||
| 035 | _a19573 | ||
| 020 | _a9608065542 | ||
| 040 |
_aGR-AtMCL _bgre _dGR-AtMCL _eAACR2 |
||
| 245 | 1 | _aΔΙΕΘΝΕΙΣ ΟΙΚΟΝΟΜΙΚΕΣ ΣΧΕΣΕΙΣ / ΑΠΟ ΤΗΝ ΑΝΟΙΧΤΗ ΟΙΚΟΝΟΜΙΑ ΣΤΗΝ ΠΑΓΚΟΣΜΟΙΟΠΟΙΗΣΗ | |
| 250 | _a1 | ||
| 260 |
_bΖυγός, _c2006 |
||
| 300 | _a400 | ||
| 505 | 0 | _aΘΕΩΡΙΑ ΤΟΥ ΔΙΕΘΝΟΥΣ ΕΜΠΟΡΙΟΥ Η ΔΙΑΔΙΚΑΣΙΑ ΤΗΣ ΠΑΓΚΟΣΜΟΙΟΠΟΙΗΣΗΣ ΞΕΝΕΣ ΕΠΕΝΔΥΣΕΙΣ, ΠΕΤΡΕΛΑΙΚΗ ΚΡΙΣΗ ΚΑΙ ΟΙ ΑΣΙΑΤΙΚΕΣ ΤΙΓΡΕΙΣ | |
| 520 | _aΘΕΩΡΙΑ ΤΟΥ ΔΙΕΘΝΟΥΣ ΕΜΠΟΡΙΟΥ Η ΔΙΑΔΙΚΑΣΙΑ ΤΗΣ ΠΑΓΚΟΣΜΟΙΟΠΟΙΗΣΗΣ ΞΕΝΕΣ ΕΠΕΝΔΥΣΕΙΣ, ΠΕΤΡΕΛΑΙΚΗ ΚΡΙΣΗ ΚΑΙ ΟΙ ΑΣΙΑΤΙΚΕΣ ΤΙΓΡΕΙΣ | ||
| 700 | 1 |
_aΜαρδας Δημητρης _95629 |
|
| 942 | _cBK | ||
| 999 |
_c4829 _d4829 |
||